Análisis de fallas de mercado y políticas con efectos negativos sobre la biodiversidad (Registro nro. 2357)

Detalles MARC
000 -CABECERA
Campo de control 00837nam a2200253 a 4500
005 - FECHA Y HORA DE LA ULTIMA TRANSACCION
Campo de control 20200104041531.0
008 - ELEMENTOS DE LONGITUD FIJA—INFORMACION GENERAL
Campo de control 140121b1999 ck ||||| |||| 00| 0 spa d
040 ## - FUENTE DE CATALOGACIÓN
Agencia transcriptora CO-BoIH
041 ## - IDIOMA
Código de idioma para texto/pista de sonido o título separado Español
044 ## - PAÍS DE PUBLICACIÓN
País de publicación Colombia
090 ## - CLASIFICACIÓN LOCAL
Colección IAvH
Consecutivo 00173
100 1# - ASIENTO PRINCIPAL--NOMBRE PERSONAL
Nombre personal Campos, Diego
110 ## - ASIENTO PRINCIPAL--NOMBRE CORPORATIVO
Unidad subordinad Instituto de Investigación de Recursos Biológicos Alexander von Humboldt
245 10 - MENCION DE TITULO
Título Análisis de fallas de mercado y políticas con efectos negativos sobre la biodiversidad
Parte restante del título estudio de caso
260 ## - PUBLICACION, DISTRIBUCION, ETC. (PIE DE IMPRENTA)
Lugar de publicación, distribución, etc. Bogotá
Nombre del editor, distribuidor, etc. Instituto Alexander von Humboldt
Fecha de publicación, distribución, etc. 1999?
300 ## - DESCRIPCION FISICA
Extensión 286 p.
Dimensiones 28 cm.
650 #6 - ASIENTO SECUNDARIO DE MATERIA - TERMINO TEMATICO
Término temático o nombre geográfico como elemento de entrada Biodiversidad
650 #4 - ASIENTO SECUNDARIO DE MATERIA - TERMINO TEMATICO
Término temático o nombre geográfico como elemento de entrada Incentivos
650 #4 - ASIENTO SECUNDARIO DE MATERIA - TERMINO TEMATICO
Término temático o nombre geográfico como elemento de entrada Desincentivos
650 #6 - ASIENTO SECUNDARIO DE MATERIA - TERMINO TEMATICO
Término temático o nombre geográfico como elemento de entrada Economía
700 1# - ASIENTO SECUNDARIO - NOMBRE PERSONAL
Nombre personal Castiblanco, Carmenza
700 1# - ASIENTO SECUNDARIO - NOMBRE PERSONAL
Nombre personal Moreno, Rocío del Pilar
942 ## - ELEMENTOS ADICIONALES (KOHA)
Tipo de ítem Informe Técnico
Sistema de clasificación Local
Koha issues (borrowed), all copies 1
Existencias
Withdrawn status Lost status Sistema de Clasificación Damaged status No para préstamo Colección Ubicación Permanente Ubicación actual Fecha de adquisición Total Checkouts Número topográfico Inventario / Código de Barras Date last seen Ejemplar Price effective from Forma de adquisición Tipo de material Public note Inventariado Date checked out
    Local     Humboldt Bogotá Bogotá 16/07/2014 1 IAVH-00173 016197 09/08/2024 Ej. 1 16/07/2014 Institucional Informe Técnico   Inventariado 2017 02/10/2014
    Local     General Villa de Leyva Villa de Leyva 16/03/2005   IAvH-00173 017546 04/12/2012 Anexo 04/12/2012   Medio Magnético Publicación incentivos perversos